| 000 | 00843nam a2200301Ia 4500 | ||
|---|---|---|---|
| 005 | 20250425160741.0 | ||
| 008 | 250425s9999 xx 000 0 und d | ||
| 020 | _a9701006631 | ||
| 041 | _aspa | ||
| 082 | _a620.1 | ||
| 100 | _aAVALLONE, EUGENE A. | ||
| 245 | 0 | _aMARKS MANUAL DEL INGENIERO MECANICO: TOMO 2 | |
| 250 | _a3A ED. | ||
| 260 |
_aColombia _bMCGRAW-HILL _c1995 |
||
| 260 | _aS.L. | ||
| 500 | _aTÃtulo Traducido: MARKS' STANDARD HANDBOOK FOR MECHANICAL ENGINEERS, 9TH ED. | ||
| 650 | _aBOMBAS (MECANICA) | ||
| 650 | _aCOMPRESORES | ||
| 650 | _aCONTABILIDAD DE COSTOS | ||
| 650 | _aFRESADORAS | ||
| 650 | _aMECANICA DE SOLIDOS | ||
| 650 | _aMOTORES DE CORRIENTE ALTERNA | ||
| 650 | _aREFRIGERACION | ||
| 650 | _aVENTILADORES | ||
| 700 |
_aFRANCISCO G. NORIEGA _etraductor |
||
| 942 | _c01 | ||
| 010 | _a4393 | ||
| 999 |
_c195419 _d195419 |
||